000 00573nam a2200193Ia 4500
005 20250508162918.0
008 008 250505s9999 xx 000 0 eng d
020 _a81-215-0128-1
037 _aTextual
040 _aFEDL
_beng
_cFEDL
041 _aeng
_2eng
084 _a299.934, KRI
_qFEDL
100 _aShringy R. K.
245 0 _aPhilosophy of J. Krishnamurti: A systematic study
260 _aNew Delhi, India
_bMunshiram Manoharlal Publishers Pvt. Ltd.
_c1976
300 _axv,386p
942 _cTEXL
_h299.934, KRI
999 _c1379387
_d1379387